Banská Štiavnica Nový zámok
Zobrazenie: Pohľad ponad stromy na Nový zámok, za ktorým vľavo je stĺp elektrického vedenia
| Format: | Photo |
|---|---|
| Language: | Hungarian Slovak |
| PhysicalDescription: | 1 pohľadnica čiernobiela 14 x 9 cm |
| Published: |
Bratislava
Slovenské vydavateľstvo politickej literatúry
1961
|
| Subjects: |
MARC
| LEADER | 00000nkm a2200000 a 4500 | ||
|---|---|---|---|
| 001 | vtls011971166 | ||
| 003 | SK-MaSNL | ||
| 005 | 20260301103307.0 | ||
| 007 | kf bo | ||
| 008 | 231121s1961 xo g kuhun | ||
| 015 | |a SNBG1961 | ||
| 035 | |a urn:nbn:sk:snk-km00fcif | ||
| 035 | |a urn:nbn:sk:snk-km45uis | ||
| 035 | |a 46791342-6507-41A6-A2C3-F31E27ED00FE | ||
| 040 | |a SNK |b slo |c SNK |e AACR2 | ||
| 041 | 0 | |a slo | |
| 043 | |a e-xo--- | ||
| 044 | |a xo |c SK | ||
| 072 | 7 | |a 913 |x Regionálna geografia |2 konspekt | |
| 080 | |a 913(437.6) |2 2011 | ||
| 080 | |a 904(084.121) |2 2011 | ||
| 080 | |a 728.82 |2 2011 | ||
| 245 | 0 | 0 | |a Banská Štiavnica |h grafika |b Nový zámok |
| 260 | |a Bratislava |b Slovenské vydavateľstvo politickej literatúry |c 1961 | ||
| 300 | |a 1 pohľadnica |b čiernobiela |c 14 x 9 cm | ||
| 520 | 8 | |a Zobrazenie: Pohľad ponad stromy na Nový zámok, za ktorým vľavo je stĺp elektrického vedenia | |
| 610 | 2 | 7 | |a Nový zámok (Banská Štiavnica, Slovensko) |2 SNKKA |9 165900 |
| 650 | 0 | 7 | |a kultúrne pamiatky |2 SNKPH |9 2862 |
| 650 | 0 | 7 | |a zámky |2 SNKPH |9 3041 |
| 651 | 7 | |a Banská Štiavnica (Slovensko) |2 SNKPHgeo |9 16373 | |
| 655 | 7 | |a miestne pohľadnice |2 SNKPH |9 70510 | |
| 655 | 7 | |a pohľadnice kultúrnych pamiatok |2 SNKPH |9 70523 | |
| 852 | |a Slovenská národná knižnica | ||
| 958 | |a GC | ||
| 958 | |a OND | ||
| 958 | |a GBN | ||
| 958 | |a EUIPO | ||
| 999 | |c 694713 |d 696643 | ||
| 952 | |a SNK |b SNK |y PREZ |7 0 |p 17A1411785 |o snkSP 74111 |z Pohľadnica prešla poštou. |0 0 |1 0 |4 0 |d 2020-06-03 |f 1 |l 0 |r 2026-02-23 20:38:44 |w 2026-02-23 | ||


